000 00528cam a2200169 4500500
005 20260308004358.0
041 _afre
042 _adc
100 1 0 _aBaron, Anne-Marie
_eauthor
700 1 0 _aGagneux, Yves
_eauthor
700 1 0 _aLamy, Isabelle
_eauthor
245 0 0 _aNews and information
260 _c2025.
500 _a5
786 0 _nL’Année balzacienne | 26 | 1 | 2025-11-13 | p. 381-386 | 0084-6473
856 4 1 _uhttps://shs.cairn.info/journal-lannee-balzacienne-2025-1-page-381?lang=en&redirect-ssocas=7080
999 _c1678217
_d1678217